书目信息 |
| 题名: |
中国房地产行业百强成功案例
|
|
| 作者: | 黄瑜 , 莫天全 主编 ;中国指数研究院 , 中国房地产TOP10研究组 著 | |
| 分册: | ||
| 出版信息: | 北京 经济管理出版社 2006.01 |
|
| 页数: | 465页 | |
| 开本: | 26cm | |
| 丛书名: | ||
| 单 册: | ||
| 中图分类: | F299.233.3 | |
| 科图分类: | ||
| 主题词: | 房地产企业--fang di chan qi ye--企业管理--案例--中国 | |
| 电子资源: | ||
| ISBN: | 7-80207-481-9 | |
| 000 | 01350nam0 2200277 450 | |
| 001 | 012006741112 | |
| 005 | 20060921084706.15 | |
| 010 | @a7-80207-481-9@dCNY98.00 | |
| 100 | @a20060625d2006 km y0chiy0120 ea | |
| 101 | 0 | @achi |
| 102 | @aCN@b110000 | |
| 105 | @aab z 000yy | |
| 200 | 1 | @a中国房地产行业百强成功案例@Azhong guo fang di chan hang ye bai qiang cheng gong an li@d= Selected case studies of TOP100 China real estate enterprises@f莫天全, 黄瑜主编@Fmo tian quan,huang yu zhu bian@g中国指数研究院, 中国房地产TOP10研究组著@Gzhong guo zhi shu yan jiu yuan,zhong guo fang di chan TOP10 yan jiu zu zhu@zeng |
| 210 | @a北京@c经济管理出版社@d2006.01 | |
| 215 | @a465页@c图, 地图@d26cm | |
| 330 | @a本书共37篇,包括中海地产:完善体系打造优质品牌;万科是怎样炼成的;大华社区:中国乡村城市化与新城市社区成长的示范性研究等。 | |
| 333 | @a房地产MBA推荐教材·房地产行业人员 | |
| 510 | 1 | @aSelected case studies of TOP100 China real estate enterprises@zeng |
| 606 | 0 | @a房地产企业@Afang di chan qi ye@x企业管理@x案例@y中国 |
| 690 | @aF299.233.3@v4 | |
| 701 | 0 | @a黄瑜@Ahuang yu@4主编 |
| 701 | 0 | @a莫天全@Amo tian quan@4主编 |
| 711 | 02 | @a中国指数研究院@Azhong guo zhi shu yan jiu yuan@4著 |
| 711 | 02 | @a中国房地产TOP10研究组@Azhong guo fang di chan TOP10 yan jiu zu@4著 |
| 801 | 0 | @aCN@bQSSK@c20060921 |
| 905 | @a10447@dF299.233.3@eM885 | |
| 中国房地产行业百强成功案例= Selected case studies of TOP100 China real estate enterprises/莫天全, 黄瑜主编/中国指数研究院, 中国房地产TOP10研究组著.-北京:经济管理出版社,2006.01 |
| 465页:图, 地图;26cm |
| 使用对象:房地产MBA推荐教材·房地产行业人员 |
| ISBN 7-80207-481-9:CNY98.00 |
| 本书共37篇,包括中海地产:完善体系打造优质品牌;万科是怎样炼成的;大华社区:中国乡村城市化与新城市社区成长的示范性研究等。 |
| ● |
| 相关链接 |
|
|
|
正题名:中国房地产行业百强成功案例
索取号:F299.233.3/M885
 
预约/预借
| 序号 | 登录号 | 条形码 | 馆藏地/架位号 | 状态 | 备注 |
| 1 | 591897 | 205918970 | 社科库409/409社科库 31排3列4层/ [索取号:F299.233.3/M885] | 在馆 |